| 000 | 00803nam a2200217Ia 4500 | ||
|---|---|---|---|
| 003 | OSt | ||
| 005 | 20210724012848.0 | ||
| 008 | 210310s1987 ck gr 000 0 spa d | ||
| 040 |
_aCO-JMCR _cCO-JMCR |
||
| 041 | 0 | _aspa | |
| 082 | 0 | 4 |
_a332.7 / _bR741m _223 |
| 100 | 1 |
_aRojas Garzón, Ricardo, _914962 _eautor |
|
| 245 | 1 | 0 |
_aManual de Crédito Nacional 1987 / _cRicardo Rojas Garzón |
| 250 | _a2a. edición | ||
| 260 |
_aBogotá : _bEdiciones Bancarias y Financieras Ltda., _c1987 |
||
| 300 |
_a133 páginas ; _c23 cm. |
||
| 504 | _aBibliografía: página 133 | ||
| 505 | 0 | _aInstituciones financieras -- Sector agropecuario -- Sector industrial -- Sector de la construcción y vivienda -- Sector comercio -- Sector servicios -- | |
| 650 | 1 | 4 |
_aCrédito _916558 _vManuales _zColombia |
| 942 |
_2ddc _cBK |
||
| 999 |
_c8182 _d8182 |
||